000 00651cam a22002171 4500
001 BD-DhSAU 7881
003 BD-DhSAU
005 20150530093046.0
008 711124s1964 ii rb 001 0 eng
040 _aBD-DhSAU
082 0 0 _a3071412
_222
_bHYL
100 1 _aHymes, Dell
245 1 0 _aLanguage in culture and society :
_ba reader in linguistics and anthropology /
_cDell Hymes.
260 _aNew Delhi :
_bAllied Publishers,
_cc1964.
300 _axxxv, 764 p. :
_c27 cm.
_bill. ;
504 _aIncludes bibliographical references and index.
590 _ajoy
650 0 _aLanguage and languages.
650 0 _aExtension.
942 _2ddc
_cBOOK
999 _c7881
_d7881